Jo. Gottlieb. Heineccii ... Antiquitatum romanarum jurisprudentiam illustrantium syntagma (Record no. 155210)

MARC details
000 -LEADER
campo de control de longitud fija 00694nam a2200181 i 4500
001 - NÚMERO DE CONTROL
campo de control 155210
003 - IDENTIFICADOR DE NÚMERO DE CONTROL
campo de control ES-MaACL
005 - FECHA Y HORA DE LA ÚLTIMA TRANSACCIÓN
campo de control 20230906210008.0
008 - DATOS DE LONGITUD FIJA--INFORMACIÓN GENERAL
campo de control de longitud fija 940615s1764 it |||| | lat d
040 ## - FUENTE DE CATALOGACIÓN
Centro catalogador/agencia de origen AS
Lengua de catalogación spa
100 1# - ENTRADA PRINCIPAL--NOMBRE DE PERSONA
Nombre de persona Heineccius, Johann Gottlieb (
Fechas asociadas al nombre 1681-1741)
9 (RLIN) 127831
245 10 - MENCIÓN DEL TÍTULO
Título Jo. Gottlieb. Heineccii ... Antiquitatum romanarum jurisprudentiam illustrantium syntagma
Resto del título : secundum ordinem institutionum Justiniani digestum ... : pars secunda.
260 ## - PUBLICACIÓN, DISTRIBUCIÓN, ETC.
Lugar de publicación, distribución, etc. Venetiis :
Nombre del editor, distribuidor, etc. ex typographia Balleoniana ...,
Fecha de publicación, distribución, etc. 1764.
300 ## - DESCRIPCIÓN FÍSICA
Extensión 455 p., [1] h. pleg. ;
Dimensiones 12º.
597 ## - NOTA DE DESCRIPCIÓN FÍSICA
NOTA DE DESCRIPCIÓN FÍSICA Sign. : A-T12.
597 ## - NOTA DE DESCRIPCIÓN FÍSICA
NOTA DE DESCRIPCIÓN FÍSICA Port. con grab xil.
852 ## - LOCALIZACIÓN
Ubicación ES-MaACL
Número de control de estantería R-532
Nota libre -- Enc. perg. con cierres
Holdings
Estatus retirado Estado de pérdida Estado de daño No para préstamo Colección Biblioteca de origen Biblioteca actual Ubicación en estantería Fecha de adquisición Fuente de adquisición Total de préstamos Signatura topográfica completa Código de barras Visto por última vez Precio de reemplazo Tipo de ítem Koha
        Libros del s. XVIII Biblioteca del Ateneo de Madrid Biblioteca del Ateneo de Madrid Depósito 17/01/2008     R-532 1162357 23/02/2023 23/02/2023 Libro impreso antiguo